Mental maths class - 1 (Record no. 7106)
[ view plain ]
| 000 -LEADER | |
|---|---|
| fixed length control field | 00214nam a22000857a 4500 |
| 008 - FIXED-LENGTH DATA ELEMENTS--GENERAL INFORMATION | |
| fixed length control field | 170626b xxu||||| |||| 00| 0 eng d |
| 100 ## - MAIN ENTRY--PERSONAL NAME | |
| 9 (RLIN) | 3690 |
| Personal name | Jain. D |
| 245 ## - TITLE STATEMENT | |
| Title | Mental maths class - 1 |
| 260 ## - PUBLICATION, DISTRIBUTION, ETC. (IMPRINT) | |
| Place of publication, distribution, etc. | New delhi |
| Name of publisher, distributor, etc. | Amity |
| Date of publication, distribution, etc. | 2009 |
| Withdrawn status | Lost status | Source of classification or shelving scheme | Damaged status | Koha normalized classification for sorting | Not for loan | Home library | Current library | Shelving location | Date acquired | Total Checkouts | Full call number | Barcode | Date last seen | Price effective from | Koha item type |
|---|---|---|---|---|---|---|---|---|---|---|---|---|---|---|---|
| Dewey Decimal Classification | 510_000000000000000 | Good Samaritan School Library | Good Samaritan School Library | Mathematics | 06/26/2017 | 510 | JAI7571 | 06/26/2017 | 06/26/2017 | BOOK |